Cooperativismo : (Registro nro. 7796)
[ vista simple ]
| 000 -LEADER | |
|---|---|
| fixed length control field | 01626nam a2200277Ia 4500 |
| 003 - CONTROL NUMBER IDENTIFIER | |
| control field | OSt |
| 005 - DATE AND TIME OF LATEST TRANSACTION | |
| control field | 20210429215136.0 |
| 008 - FIXED-LENGTH DATA ELEMENTS--GENERAL INFORMATION | |
| fixed length control field | 210310s1977 ck gr 000 0 spa d |
| 040 ## - CATALOGING SOURCE | |
| Original cataloging agency | CO-JMCR |
| Transcribing agency | CO-JMCR |
| 041 1# - LANGUAGE CODE | |
| Language code of text/sound track or separate title | spa |
| Language code of original | eng |
| 082 04 - DEWEY DECIMAL CLASSIFICATION NUMBER | |
| Classification number | 334.0918 / |
| Item number | A655c |
| Edition number | 23 |
| 100 1# - MAIN ENTRY--PERSONAL NAME | |
| Personal name | Apthorpe, R., |
| 9 (RLIN) | 15484 |
| Relator term | autor |
| 245 10 - TITLE STATEMENT | |
| Title | Cooperativismo : |
| Remainder of title | su fracaso en el Tercer Mundo / |
| Statement of responsibility, etc. | R. Apthorpe, O. Fals Borda, Inayatullah y otros (UNRISD) ; versión castellana de Jorge Orlando Melo |
| 260 ## - PUBLICATION, DISTRIBUTION, ETC. | |
| Place of publication, distribution, etc. | Bogotá : |
| Name of publisher, distributor, etc. | Punta de Lanza, |
| Date of publication, distribution, etc. | 1977 |
| 300 ## - PHYSICAL DESCRIPTION | |
| Extent | 195 páginas ; |
| Dimensions | 19 cm. |
| 500 ## - GENERAL NOTE | |
| General note | Incluye notas a pie de página.<br/>Título original: Rural cooperatives as agents of chance |
| 505 0# - FORMATTED CONTENTS NOTE | |
| Formatted contents note | Declaración general -- Transcripción del debate -- Notas complementarias |
| 520 3# - SUMMARY, ETC. | |
| Summary, etc. | A escala mundial se hace aparecer al cooperativismo como instrumento fundamental de desarrollo, siendo que en la práctica, es causa de fracasos incontables, costosos y socialmente frustrantes. Este libro transcribe un importante debate realizado en Ginebra (Suiza) sobre este tema, en el cual se destacó cómo las verdaderas cooperativas no podrán funcionar sino cuando se efectúen cambios estructurales profundos en sus respectivas sociedades. Los intereses y las interpretaciones encontradas quedaron en evidencia. |
| 546 ## - LANGUAGE NOTE | |
| Language note | Traducido del inglés. |
| 650 14 - SUBJECT ADDED ENTRY--TOPICAL TERM | |
| Topical term or geographic name entry element | Cooperativismo |
| 9 (RLIN) | 15486 |
| General subdivision | Investigaciones |
| 650 24 - SUBJECT ADDED ENTRY--TOPICAL TERM | |
| Topical term or geographic name entry element | Cooperativismo |
| General subdivision | Investigaciones |
| Geographic subdivision | América Latina |
| 9 (RLIN) | 37282 |
| 700 1# - ADDED ENTRY--PERSONAL NAME | |
| Personal name | Fals Borda, O., |
| Relator term | autor |
| 9 (RLIN) | 37283 |
| 700 1# - ADDED ENTRY--PERSONAL NAME | |
| Personal name | Inayatullah, |
| Relator term | autor |
| 9 (RLIN) | 37284 |
| 700 1# - ADDED ENTRY--PERSONAL NAME | |
| Personal name | Melo, Jorge Orlando, |
| Relator term | traductor |
| 9 (RLIN) | 11481 |
| 942 ## - ADDED ENTRY ELEMENTS (KOHA) | |
| Source of classification or shelving scheme | Dewey Decimal Classification |
| Koha item type | Books |
| Withdrawn status | Lost status | Source of classification or shelving scheme | Damaged status | Not for loan | Collection code | Home library | Current library | Date acquired | Source of acquisition | Full call number | Barcode | Date last seen | Copy number | Koha item type |
|---|---|---|---|---|---|---|---|---|---|---|---|---|---|---|
| Dewey Decimal Classification | Non-fiction | Biblioteca Pública José María del Castillo y Rada | Biblioteca Pública José María del Castillo y Rada | 04/15/2018 | Donación | 334.0918 / A655c | 430003697 | 05/16/2024 | Ej.1 | Books |